Hydrostatic Pumps and Motors : Principles, Design, Performance, Modeling, Analysisi, Control and Testing

Salvato in:
Dettagli Bibliografici
Autori principali: Ivantysyn, Jaroslav (Autore), Ivantysyn, Monika (Autore)
Natura: Libro
Lingua:inglese
Pubblicazione: New Delphi : Akademia Books International, 2001
Edizione:1. English Edition
Tags: Aggiungi Tag
Nessun Tag, puoi essere il primo ad aggiungerne!!

MARC

LEADER 00000nam a22000003a 4500
001 stu76943
005 20150617225645.0
008 020812s2001----ii------------------eng-d
020 |a 81-85522-16-2 
040 |a STU  |b slo 
041 0 |a eng 
044 |a ii 
080 |a 532.1 
100 1 |a Ivantysyn, Jaroslav  |4 aut 
245 1 |a Hydrostatic Pumps and Motors :  |b Principles, Design, Performance, Modeling, Analysisi, Control and Testing 
250 |a 1. English Edition 
260 |a New Delphi :  |b Akademia Books International,  |c 2001 
300 |a 512 s 
700 1 |a Ivantysyn, Monika  |4 aut 
996 |b 284J008557  |c J*99213  |l JJK14  |s P  |a 0  |w stu76943_0001 
996 |b 284J008558  |c J*99214  |l JJK14  |s P  |a 0  |w stu76943_0002